00808nam a22001577a 4500008004100000040005500041080001100096245003100107260004300138500023300181650002100414700002900435942000700464999001700471952016200488230721b |||||||| |||| 00| 0 eng d aNational Science LibrarycNational Science Library a61(05) aAnnual review of medicine  aPalo Alto: bAnnual Review Inc, c1972 aVol. 23 (Annual review of medicine) ix, 515p. Vol. 17 (Annual review of medicine) , 563p. Vol. 21 (Annual review of medicine), 499p. Vol. 22 (Annual review of medicine) ix, 447p. Vol. 19 (Annual review of medicine) vii, 540p.  aMedical sciences aDegraff, Arthur C (Ed.)  cBK c54218d54218 00102udc4070991352aNSLbNSLcFF/Rk-47/C-1/R-2d1973-07-04h Vol. 23 (Annual review of medicine) ix, 515p.l0p48168r2023-07-21 00:00:00w1973-07-04yCR